000 00778cam a22002657a 4500
001 613014
003 OSt
005 20140310181714.0
008 930419s1991 ph 000 0 tgl
010 _a 91947498
020 _a9715690211
040 _aDLC
_cDLC
_dDLC
050 0 0 _aPL 5531
_b.Sa235 1991
082 _aFIL 899.211
_bH642 1991
100 _aSantiago, Alfonso O.
245 0 0 _aHiyas ng panitikang Filipino :
_bmga piling akda sa wika at panitikan /
_cAlfonso O. Santiago
260 _aMakati, Metro Manila, Philippines :
_bBookmark,
_c1991.
300 _axii, 382 p. ;
_c22 cm.
650 _aFilipino
700 1 _aSantiago, Al O.
906 _a7
_bcbc
_corignew
_du
_encip
_f19
_gy-gencatlg
942 _2lcc
_cBK
999 _c1714
_d1714